LEADER 00815nam0-2200313---450- 001 990009149210403321 005 20100217111545.0 010 $a88-348-5471-3 035 $a000914921 035 $aFED01000914921 035 $a(Aleph)000914921FED01 035 $a000914921 100 $a20100217d2005----km-y0itay50------ba 101 0 $aita 102 $aIT 105 $ay-------001yy 200 1 $aDamnum iniuria datum$fGiuseppe Valditara 205 $a2. ed. 210 $aTorino$cGiappichelli$dİ2005 215 $a163 p.$d24 cm 676 $a346.3703$v21$zita 700 1$aValditara,$bGiuseppe$0232140 801 0$aIT$bUNINA$gRICA$2UNIMARC 901 $aBK 912 $a990009149210403321 952 $aIV M 331$b52948*$fFGBC 959 $aFGBC 996 $aDamnum iniuria datum$9699306 997 $aUNINA LEADER 02531nam 2200565Ia 450 001 9910450957303321 005 20170815165215.0 010 $a1-280-84607-0 010 $a0-19-534585-1 035 $a(CKB)1000000000410672 035 $a(EBL)431271 035 $a(OCoLC)252673517 035 $a(SSID)ssj0000169086 035 $a(PQKBManifestationID)11177306 035 $a(PQKBTitleCode)TC0000169086 035 $a(PQKBWorkID)10203622 035 $a(PQKB)10094094 035 $a(MiAaPQ)EBC431271 035 $a(EXLCZ)991000000000410672 100 $a19980513d1998 uy 0 101 0 $aeng 135 $aur|n|---||||| 181 $ctxt 182 $cc 183 $acr 200 10$aHarvey Sacks$b[electronic resource] $esocial science and conversation analysis /$fDavid Silverman 210 $aNew York $cOxford University$d1998 215 $a1 online resource (233 p.) 300 $aDescription based upon print version of record. 311 $a0-19-521472-2 320 $aIncludes bibliographical references and indexes. 327 $aContents; Preface; 1 Beginnings; 2 An Intellectual Biography; 3 Social Science; 4 Method; 5 Membership Categorization Analysis; 6 Conversation Analysis; 7 Using Membership Categorization Analysis; 8 Using Conversation Analysis; 9 Sacks's Legacy; Appendix 1 Simplified Transcription Symbols and Selected Abbreviations; Appendix 2 Sacks's Lectures: Some Key References; Appendix 3 Summaries of Sacks's Major Published Papers; References; Name Index; Subject Index 330 $aPreface. 1. Beginnings. 2. An Intellectual Biography. 3. Social Science. 4. Method. 5. Membership Catergorization Analysis. 6. Conversation Analysis. 7. Using Membership Categorization Analysis. 8. Using Conversation Analysis. 9. Sacks's Legacy. Appendix 1 Simplified Transcription Symbols and Selected Abbreviations. Appendix 2 Sacks's Lectures: Some Key References. Appendix 3 Summaries of Sacks's Major Published Papers. c References. c Name Index. c Subject Index 606 $aConversation analysis 606 $aEthnomethodology 606 $aSociology$xMethodology 608 $aElectronic books. 615 0$aConversation analysis. 615 0$aEthnomethodology. 615 0$aSociology$xMethodology. 676 $a301.01 676 $a301/.01 700 $aSilverman$b David$0456189 801 0$bMiAaPQ 801 1$bMiAaPQ 801 2$bMiAaPQ 906 $aBOOK 912 $a9910450957303321 996 $aHarvey Sacks$92172397 997 $aUNINA